000 00420nam a2200181Ia 4500
001 13186
005 20260306163035.0
008 260306t1997||||xx |||||||||||||| ||spa||
041 _aESP
082 _a001.42
_bA81G
100 _aAsimov, Isaac
_eAUT
245 0 _aGrandes ideas de la ciencia
260 _c1997
300 _a108 páginas :
_c18 cm.
650 _aGEN
654 _aCHU
942 _cLIB
_dJUS
_fJUS
_2ddc
_n
999 _c13186
_d13186